Dr. V. David dalam gerakan kesatuan sekerja, politik dan sosial /
Saved in:
| 主要作者: | |
|---|---|
| 格式: | Thesis 图书 |
| 语言: | Malay |
| 出版: |
2008.
|
| 主题: | |
| 标签: |
添加标签
没有标签, 成为第一个标记此记录!
|
| LEADER | 00982cam a2200265 a 4500 | ||
|---|---|---|---|
| 001 | u758657 | ||
| 003 | SIRSI | ||
| 005 | 200808041433 | ||
| 008 | 080804s2008 my t 000 0dmay m | ||
| 040 | |a UMM | ||
| 043 | |a a-my--- | ||
| 090 | |a D7 |b UM 2008 She | ||
| 100 | 0 | |a Sheila Singaraju. | |
| 245 | 1 | 0 | |a Dr. V. David dalam gerakan kesatuan sekerja, politik dan sosial / |c oleh Sheila a/p Singaraju. |
| 260 | |c 2008. | ||
| 300 | |a vi, 250, [2] leaves : |b ill. ; |c 30 cm. | ||
| 502 | |a Dissertation (M.A.) -- Jabatan Sejarah, Fakulti Sastera dan Sains Sosial, Universiti Malaya, 2008. | ||
| 504 | |a Bibliography: leaves 236-250. | ||
| 600 | 0 | |a V. David, |d 1932- |x Contributions. | |
| 650 | 0 | |a Politicians |z Malaysia |v Biography. | |
| 650 | 0 | |a Labor unions |z Malaysia |x Political activity. | |
| 710 | 2 | |a Universiti Malaya. |b Jabatan Sejarah. | |
| 900 | |a RM | ||
| 596 | |a 1 | ||
| 999 | |a D7 UM 2008 SHE |w LC |c 1 |i A513332036 |d 17/8/2017 |e 17/8/2017 |f 1/10/2009 |g 1 |l STACKS |m P01UTAMA |n 4 |r Y |s Y |t TESIS |u 6/7/2009 | ||
